Estimaciones preliminares de las transformaciones estructurales por efecto de la integración económica centroamericana

Busca la determinación cuantitativa del grado en que el mercado común centroamericano ha favorecido el aumento en el nivel de industrialización de los paises del área./ALLV

সংরক্ষণ করুন:
গ্রন্থ-পঞ্জীর বিবরন
প্রধান লেখক: García Marenco, Iván
সংস্থা লেখক: SIECA
বিন্যাস: পাঠ‍্য
প্রকাশিত: Guatemala: SIECA
সংস্করন:2
বিষয়গুলি:
ট্যাগগুলো: ট্যাগ যুক্ত করুন
কোনো ট্যাগ নেই, প্রথমজন হিসাবে ট্যাগ করুন!

MARC

LEADER 00000 a a2200000 04500
001 19748
003
040
090 |a 079400  
100 |a García Marenco, Iván  
110 |a SIECA  
245 |a Estimaciones preliminares de las transformaciones estructurales por efecto de la integración económica centroamericana  
250 |a 2  
260 |a Guatemala:   |b SIECA  
300 |a 22 p.  
520 |a Busca la determinación cuantitativa del grado en que el mercado común centroamericano ha favorecido el aumento en el nivel de industrialización de los paises del área./ALLV  
650 |a AMERICA CENTRAL  
650 |a DESARROLLO INDUSTRIAL  
650 |a INTEGRACION CENTROAMERICANA  
650 |a MCCA  
999 |c 14032  |d 14032